Normal view
MARC view
Entry Término temático
001 - NÚMERO DE CONTROL
- campo de control: 138652
003 - IDENTIFICADOR DEL NÚMERO DE CONTROL
- campo de control: OSt
005 - FECHA Y HORA DE LA ÚLTIMA TRANSACCIÓN
- campo de control: 20220127155858.0
008 - DATOS DE LONGITUD FIJA
- campo de control de longitud fija: 220127|| aca||aabn | a|a d
040 ## - FUENTE DE LA CATALOGACIÓN
- Centro catalogador/agencia de origen: OSt
- Centro/agencia transcriptor: OSt
150 ## - ENCABEZAMIENTO--TÉRMINO DE MATERIA
- Término de materia o nombre geográfico como elemento de entrada: Biomasa I.t: Composición botánica en praderas
670 ## - FUENTE DE DATOS ENCONTRADOS
- Cita de la fuente: Work cat.: (OSt)164569: Moreno García, María Teresa 78615, Evaluación de un medidor de capacitancia y el método rango de peso seco en determinaciones de masa de forraje y composición botánica en praderas /, 1992
